| 000 | 00504cam a22002051a 4500 | ||
|---|---|---|---|
| 001 | sa 65009881 | ||
| 003 | DLC | ||
| 005 | 20260227112205.0 | ||
| 008 | 950420q19001995io 000 0 ind | ||
| 010 | _asa 65009881 | ||
| 025 | _aPL480:Indo-2268 | ||
| 035 | _a(OCoLC)32341534 | ||
| 040 |
_aDLC _cWU _dDLC |
||
| 042 | _apremarc | ||
| 050 | 0 | 0 |
_aPL5089.W4 _bT4 |
| 100 | 1 | _aWen, Wu. | |
| 245 | 1 | 0 |
_aTelaga darah : _b(Hiat mo kiap) |
| 260 |
_aDjakarta : _bTimur Raya, _c[19--?] |
||
| 300 |
_av. ; _c16 cm. |
||
| 999 |
_c66491 _d66491 |
||